| 000 | 00367 a2200145 4500 | ||
|---|---|---|---|
| 001 | 160187 | ||
| 020 | _a | ||
| 040 | _cMagnum | ||
| 100 | _aCarvalho, Karen Currie de | ||
| 240 | 1 | 0 |
_aAlfabetizacao: um processo de aprendizagem permanente _lpor |
| 245 | 1 | 0 | _aAlfabetizacao: um processo de aprendizagem permanente |
| 362 | 0 | _a1899 | |
| 697 | _aENSINO | ||
| 942 | _cBK | ||
| 999 |
_c160187 _d160187 |
||